000 00931nam a2200265 a 4500
001 000017037
005 20251120073732.0
008 100316s1980 dr r 000 0 spa d
040 _aDO-SdBNP
_bspa
_cBNPHU
082 _a460.7
_bA325i
100 1 _aAlba, Orlando,
_d1948-
_916426
245 1 0 _aIntroducción al estudio de la lengua española /
_cOrlando Alba, Félix Fernádez.
260 _aSantiago de los Caballeros, República Dominicana :
_bUCMM,
_c1980.
_fAmigo del Hogar
300 _a369 p. :
_bil. ;
_c22 cm.
490 1 _aTexto
504 _aBibliografía : p. 359-362
590 _aInventariado, 2018/BT
650 4 _aEspañol
_xFonética
_918781
650 4 _aEspañol
_xEnseñanza
_9406
650 4 _aLenguaje y lenguas
_9407
700 1 _aFernández, Felix
_911384
710 2 _aPontificia Universidad Católica Madre y Maestra
_9843
830 0 _aTexto
_98561
910 _aValidado. Control de calidad. MMOLINA
999 _c16563
_d16563